Der zweikampf,

Saved in:
Bibliographic Details
Main Author: Fehr, Hans, 1874-1961.
Format: Book
Language:German
Published: Berlin, K. Curtius, 1908.
Subjects:
Tags: Add Tag
No Tags, Be the first to tag this record!
LEADER 00508nam a2200193K 4500
001 005201250-6
005 20020606095253.2
008 930128s1908 gw f 000 0 ger d
035 0 |a ocm27342842 
040 |a CUY  |c CUY  |d HVL 
090 |a CR4575  |b .F4 
100 1 |a Fehr, Hans,  |d 1874-1961. 
245 0 4 |a Der zweikampf,  |c von dr. Hans Fehr ... 
260 |a Berlin,  |b K. Curtius,  |c 1908. 
300 |a 2 p.l.,64 p.  |b front.,pl.  |c 23 cm. 
500 |a "Antrittsrede." 
650 0 |a Dueling. 
988 |a 20020608 
906 |0 OCLC